Welcome to CU Library Online Public Access Catalogue (OPAC)

Law Reports of the Commonwealth (Record no. 1583)

MARC details
000 -LEADER
fixed length control field 00621nam a22001457a 4500
005 - DATE AND TIME OF LATEST TRANSACTION
control field 20241126205827.0
008 - FIXED-LENGTH DATA ELEMENTS--GENERAL INFORMATION
fixed length control field 241126b |||||||| |||| 00| 0 eng d
020 ## - INTERNATIONAL STANDARD BOOK NUMBER
International Standard Book Number 9780406002754
245 ## - TITLE STATEMENT
Title Law Reports of the Commonwealth
Remainder of title Commercial Law 1989
260 ## - PUBLICATION, DISTRIBUTION, ETC.
Place of publication, distribution, etc. London, UK
Name of publisher, distributor, etc. LexisNexis Butterworths
Date of publication, distribution, etc. 1991
300 ## - PHYSICAL DESCRIPTION
Extent xxxix, 993 pages
Dimensions 24 cm
500 ## - GENERAL NOTE
General note General Editors: Read James, S. LL.B. of Gray's Inn, Barrister. Slinn Peter E. MA., PhD., Solicitor, England and Wales. Managing Editor: Edwards Radhika, LL.B. of the Inner Temple, Barrister.
650 ## - SUBJECT ADDED ENTRY--TOPICAL TERM
Source of heading or term Law Reports
General subdivision Commonwealth Nations
942 ## - ADDED ENTRY ELEMENTS (KOHA)
Source of classification or shelving scheme Library of Congress Classification
Koha item type Books
Suppress in OPAC No
999 ## -
-- 1583
-- 1583
Holdings
Withdrawn status Lost status Source of classification or shelving scheme Damaged status Not for loan Collection Home library Current library Shelving location Date acquired Total checkouts Full call number Barcode Date last seen Copy number Price effective from Koha item type
    Library of Congress Classification     Non-fiction Law Library (Miotso) Law Library (Miotso) General stacks 11/26/2024   LRC89 COM LLM00001223 11/26/2024 1 11/26/2024 Books
© 2023-2024 Copyright: Central University Libraries. All Rights Reserved | Created by: Mahone Tech Office